| 000 | 00751cam a2200229 a 4500 | ||
|---|---|---|---|
| 001 | 6499 | ||
| 003 | BD-RjUL | ||
| 005 | 20211208234244.0 | ||
| 008 | 880808r19601933enk 000 0 eng | ||
| 035 | _a(BD-RjUL)6540 | ||
| 040 |
_aDLC _cABC _dABC _dm.c _dBD-RjUL _beng |
||
| 041 | _aeng | ||
| 082 | 0 | 4 |
_218 _a382 _bHAI 1960 |
| 100 | 1 |
_aHarrod, Roy, _d1900-1978 _96081 |
|
| 245 | 1 | 0 |
_aInternational economics / _cR. F. Harrod. |
| 260 |
_aLondon ; _aCambridge : _bJ. Nisbet ; _bCambridge University Press, _c1933 [Reprinted 1960]. |
||
| 300 |
_axiii, 186 p. ; _c19 cm. |
||
| 500 | _aFirst publ. 1933, revised and reset 1939 and 1957. | ||
| 650 | 0 |
_aInternational economic relations. _920461 |
|
| 830 | 0 |
_aCambridge economic handbooks. _9180602 |
|
| 942 |
_2ddc _cBK |
||
| 999 |
_c6499 _d6499 |
||